[Event "BRA-ch Regional Sul"]
[Site "Lages"]
[Date "2019.10.19"]
[Round "3"]
[White "Andrade, Eduarda"]
[Black "Niehues, Luiz Cesar"]
[Result "0-1"]
[WhiteElo "1788"]
[BlackElo "1518"]
[PlyCount "130"]
[EventDate "2019.10.18"]
[EventType "swiss"]
[EventRounds "5"]
[EventCountry "BRA"]
[SourceTitle "CBM 195 Extra"]
[Source "ChessBase"]
[SourceDate "2020.05.31"]
[SourceVersion "1"]
[SourceVersionDate "2020.05.31"]
[SourceQuality "1"]

1. e4 d5 2. exd5 Nf6 3. Nc3 Nxd5 4. Nxd5 Qxd5 5. d4 Bf5 6. Be3 e6 7. Qf3 Be4 8. Qg3 Nc6 9. c3 0-0-0 10. Ne2 h6 11. Nf4 Qa5 12. Bd3 Bxd3 13. Nxd3 g5 14. 0-0 Bd6 15. Qf3 f5 16. b4 Qb5 17. Rfd1 g4 18. Qe2 e5 19. a4 Qc4 20. d5 Ne7 21. Qc2 Nxd5 22. Nxe5 Nxe3 23. fxe3 Qe6 24. Nd3 Qxe3+ 25. Qf2 Qxf2+ 26. Nxf2 h5 27. g3 h4 28. Kg2 hxg3 29. hxg3 Be5 30. Rxd8+ Rxd8 31. Rc1 Rd2 32. c4 b6 33. Rd1 Re2 34. Rd5 Re3 35. Rd4 Re2 36. Kf1 Rc2 37. Rd5 Bxg3 38. Rxf5 Bxf2 39. Rxf2 Rxc4 40. Rb2 c5 41. bxc5 bxc5 42. a5 Kc7 43. a6 Rb4 44. Re2 Kd6 45. Rd2+ Kc6 46. Re2 Ra4 47. Re6+ Kb5 48. Rg6 Rxa6 49. Rxg4 Re6 50. Rg5 a5 51. Rg2 c4 52. Re2 Rxe2 53. Kxe2 c3 54. Kd3 Kb4 55. Kc2 a4 56. Kb1 Kb3 57. Ka1 Kc2 58. Ka2 Kd2 59. Ka1 c2 60. Ka2 a3 61. Kxa3 c1Q+ 62. Ka2 Qc5 63. Kb3 Qb5+ 64. Ka3 Kc3 65. Ka2 Qb2# 0-1

[Event "Sao Bento do Sul op 07"]
[Site "Sao Bento do Sul"]
[Date "2019.07.13"]
[Round "5"]
[White "Pereira, Aline Vitoria"]
[Black "Niehues, Luiz Cesar"]
[Result "0-1"]
[WhiteElo "1247"]
[BlackElo "1537"]
[PlyCount "94"]
[EventDate "2019.07.12"]
[EventType "swiss"]
[EventRounds "7"]
[EventCountry "BRA"]
[SourceTitle "CBM 195 Extra"]
[Source "ChessBase"]
[SourceDate "2020.05.31"]
[SourceVersion "1"]
[SourceVersionDate "2020.05.31"]
[SourceQuality "1"]

1. d4 d5 2. c4 c6 3. Nc3 e6 4. Nf3 dxc4 5. e4 b5 6. Bf4 Bb4 7. Be2 Bb7 8. 0-0 Bxc3 9. bxc3 Ne7 10. Rb1 Bc8 11. Qc2 Nd7 12. a4 a6 13. Rb2 Nb6 14. axb5 cxb5 15. Rfb1 0-0 16. Ne1 Bb7 17. Bf3 Ng6 18. Bg3 Qg5 19. Qc1 Qxc1 20. Rxc1 Bc6 21. Nc2 Na4 22. Ra2 Nxc3 23. Ra3 Nxe4 24. Re1 f5 25. Nb4 Bd5 26. Bxe4 Bxe4 27. Bd6 Rfd8 28. Bc5 a5 29. Na2 b4 30. Rae3 Nf4 31. Nc1 Bd5 32. Ne2 Nxg2 33. Nf4 Nxf4 34. Rg3 Nd3 35. Re2 Nxc5 36. dxc5 c3 37. Rc2 Rdc8 38. Re3 Rxc5 39. f4 a4 40. Re5 b3 41. Rc1 c2 42. Re2 Be4 43. Kf2 b2 44. Ree1 bxc1Q 45. Rxc1 a3 46. Ra1 c1Q 47. Rxc1 Rxc1 0-1

[Event "Sao Bento do Sul op 07"]
[Site "Sao Bento do Sul"]
[Date "2019.07.12"]
[Round "1"]
[White "Niehues, Luiz Cesar"]
[Black "Da Luz, Amanda Beatriz"]
[Result "1-0"]
[WhiteElo "1537"]
[BlackElo "1010"]
[PlyCount "77"]
[EventDate "2019.07.12"]
[EventType "swiss"]
[EventRounds "7"]
[EventCountry "BRA"]
[SourceTitle "CBM 195 Extra"]
[Source "ChessBase"]
[SourceDate "2020.05.31"]
[SourceVersion "1"]
[SourceVersionDate "2020.05.31"]
[SourceQuality "1"]

1. d4 d5 2. c4 dxc4 3. Nc3 Nf6 4. Nf3 Bf5 5. e3 e6 6. Bxc4 c5 7. Qa4+ Nc6 8. Ne5 Rc8 9. Bb5 Qb6 10. 0-0 a6 11. Bxc6+ bxc6 12. Bd2 cxd4 13. exd4 Be7 14. Rac1 0-0 15. b3 Rfd8 16. Be3 Qb7 17. Qc4 Nd5 18. Qe2 Nxe3 19. fxe3 c5 20. d5 Qc7 21. Nc6 Rd6 22. Nxe7+ Qxe7 23. e4 Bg6 24. e5 Rdd8 25. d6 Qg5 26. Na4 Bh5 27. Qe1 Ra8 28. Rxc5 Qg6 29. Rc7 Qd3 30. Nc5 Qd4+ 31. Kh1 Rac8 32. Nxa6 Rxc7 33. Nxc7 Qb2 34. Rf2 Qa3 35. b4 Qa7 36. b5 Qb6 37. a4 Rd7 38. a5 Qb8 39. b6 1-0

[Event "Florianopolis op 5th"]
[Site "Florianopolis"]
[Date "2019.01.27"]
[Round "10"]
[White "Niehues, Luiz Cesar"]
[Black "Boabaid, Jorge Alberto Duard"]
[Result "0-1"]
[WhiteElo "1540"]
[BlackElo "1868"]
[PlyCount "86"]
[EventDate "2019.01.21"]
[EventType "swiss"]
[EventRounds "10"]
[EventCountry "BRA"]
[SourceTitle "EXT 2020"]
[Source "ChessBase"]
[SourceDate "2019.10.17"]
[SourceVersion "1"]
[SourceVersionDate "2019.10.17"]
[SourceQuality "1"]

1. d4 Nf6 2. c4 e6 3. Nc3 d5 4. cxd5 exd5 5. Nf3 c6 6. Bg5 Bb4 7. Bxf6 Qxf6 8. e3 0-0 9. Be2 Bd6 10. Rc1 Nd7 11. h3 Re8 12. Kf1 Nf8 13. Qd2 Qh6 14. Re1 Bf5 15. Bd3 Be4 16. Bxe4 dxe4 17. Nh2 f5 18. f4 exf3 19. Nxf3 Bg3 20. Re2 Ng6 21. h4 Qh5 22. Rh3 Bc7 23. Qe1 Rad8 24. Qd1 Kh8 25. Qb3 Ne7 26. Ng5 Nd5 27. Nxd5 cxd5 28. Qxb7 Re7 29. Qc6 Rd6 30. Qc2 Rf6 31. Qd3 Qe8 32. Kf2 h6 33. Kf1 Rc6 34. Nf3 Rc1+ 35. Kf2 f4 36. Ne1 Re4 37. Rf3 Qh5 38. Rh3 Bb6 39. Qd2 Rc6 40. Rf3 Qxh4+ 41. Kg1 Rf6 42. Nc2 Qg4 43. Rxf4 Rfxf4 0-1

[Event "Florianopolis op 5th"]
[Site "Florianopolis"]
[Date "2019.01.26"]
[Round "9"]
[White "Rocancourt Moreira, Mauricio"]
[Black "Niehues, Luiz Cesar"]
[Result "1/2-1/2"]
[WhiteElo "1777"]
[BlackElo "1540"]
[PlyCount "122"]
[EventDate "2019.01.21"]
[EventType "swiss"]
[EventRounds "10"]
[EventCountry "BRA"]
[SourceTitle "CBM 188 Extra"]
[Source "ChessBase"]
[SourceDate "2019.02.26"]
[SourceVersion "1"]
[SourceVersionDate "2019.02.26"]
[SourceQuality "1"]

1. d4 d5 2. c4 c6 3. cxd5 cxd5 4. Nf3 Nc6 5. Bf4 Nf6 6. e3 e6 7. Nc3 Be7 8. Rc1 a6 9. Bd3 0-0 10. 0-0 h6 11. Qe2 Nd7 12. e4 dxe4 13. Nxe4 Nb4 14. Bc7 Qe8 15. Bb1 Nd5 16. Nd6 Bxd6 17. Bxd6 N7f6 18. Rfe1 b6 19. Bxf8 Qxf8 20. g3 Bb7 21. Ne5 Qd6 22. Qc2 Re8 23. a3 Re7 24. Qd3 Rc7 25. Ba2 Ne7 26. Bb3 b5 27. Rxc7 Qxc7 28. f3 Ba8 29. Qd2 Qb7 30. Bd1 h5 31. h3 Qd5 32. Re3 Nf5 33. Rc3 Bb7 34. Kh2 Qxd4 35. Qxd4 Nxd4 36. Rc7 Bd5 37. Ra7 g5 38. Rxa6 g4 39. hxg4 hxg4 40. fxg4 Ne4 41. Nf3 Nxf3+ 42. Bxf3 Nc5 43. Bxd5 Nxa6 44. Bc6 b4 45. Bb5 bxa3 46. bxa3 Nc5 47. a4 Nb7 48. Kg2 Kg7 49. Bc6 Na5 50. Be8 f6 51. Kf3 Kf8 52. Bb5 Ke7 53. Ke3 Kd6 54. Kd3 Ke5 55. Ke3 Nb7 56. Bc6 Na5 57. Bb5 Nb7 58. Be2 Na5 59. Bd3 Nb3 60. Bb5 Na5 61. Ba6 Nb3 1/2-1/2

[Event "Sao Bento do Sul op 08"]
[Site "Sao Bento do Sul"]
[Date "2018.08.26"]
[Round "6"]
[White "Saurim, Leticia Aparecida11"]
[Black "Niehues, Luiz Cesar"]
[Result "1/2-1/2"]
[WhiteElo "1365"]
[BlackElo "1576"]
[PlyCount "69"]
[EventDate "2018.08.24"]
[EventType "swiss"]
[EventRounds "6"]
[EventCountry "BRA"]
[SourceTitle "EXT 2021"]
[Source "ChessBase"]
[SourceDate "2020.10.23"]
[SourceVersion "1"]
[SourceVersionDate "2020.10.23"]
[SourceQuality "1"]

1. e4 e5 2. Bc4 Nf6 3. Nc3 Bc5 4. Nf3 Nc6 5. d3 h6 6. 0-0 d6 7. h3 0-0 8. Nd5 Na5 9. b4 Nxc4 10. dxc4 Nxd5 11. bxc5 Nf6 12. Ba3 Nxe4 13. Re1 Nxc5 14. Nxe5 Be6 15. Bxc5 dxc5 16. Qd3 Qf6 17. Qe4 c6 18. g4 Rad8 19. Rab1 Rd4 20. Qe2 b6 21. c3 Rf4 22. Qe3 h5 23. f3 hxg4 24. fxg4 Rd8 25. Rf1 Rxf1+ 26. Rxf1 Qh4 27. Kg2 Qh7 28. Rf2 Qb1 29. Rd2 Rxd2+ 30. Qxd2 Qe4+ 31. Nf3 Bxc4 32. Qd8+ Kh7 33. Qh4+ Kg8 34. Qd8+ Kh7 35. Qh4+ 1/2-1/2

[Event "Sao Bento do Sul op 06"]
[Site "Sao Bento do Sul"]
[Date "2018.06.17"]
[Round "5"]
[White "Niehues, Luiz Cesar"]
[Black "Zimmermann, Kleber Renato P"]
[Result "0-1"]
[WhiteElo "1572"]
[BlackElo "1893"]
[PlyCount "58"]
[EventDate "2018.06.15"]
[EventType "swiss"]
[EventRounds "6"]
[EventCountry "BRA"]
[SourceTitle "EXT 2021"]
[Source "ChessBase"]
[SourceDate "2020.10.23"]
[SourceVersion "1"]
[SourceVersionDate "2020.10.23"]
[SourceQuality "1"]

1. d4 Nf6 2. c4 c5 3. d5 b5 4. cxb5 a6 5. bxa6 Bxa6 6. Nf3 g6 7. g3 d6 8. Bg2 Bg7 9. 0-0 0-0 10. Re1 Nbd7 11. Nc3 Qa5 12. e4 Ng4 13. Bd2 Rfb8 14. Ne2 Qb6 15. Bc3 Bxc3 16. bxc3 Qb2 17. h3 Nge5 18. Nxe5 Nxe5 19. Nf4 Qxc3 20. Rb1 Bc4 21. Rxb8+ Rxb8 22. Re3 Qb2 23. Qa4 Qxa2 24. Ra3 Rb1+ 25. Kh2 Qxf2 26. Qe8+ Kg7 27. Ne6+ fxe6 28. Qxe7+ Nf7 29. h4 Rb2 0-1

[Event "Florianopolis op 4th"]
[Site "Florianopolis"]
[Date "2018.01.24"]
[Round "8"]
[White "Niehues, Luiz Cesar"]
[Black "Carvalho, Isis"]
[Result "0-1"]
[WhiteElo "1595"]
[BlackElo "1309"]
[PlyCount "78"]
[EventDate "2018.01.19"]
[EventType "swiss"]
[EventRounds "10"]
[EventCountry "BRA"]
[SourceTitle "EXT 2019"]
[Source "ChessBase"]
[SourceDate "2018.10.10"]
[SourceVersion "1"]
[SourceVersionDate "2018.10.10"]
[SourceQuality "1"]

1. d4 Nf6 2. c4 g6 3. Nc3 Bg7 4. e4 d6 5. Be2 0-0 6. Bg5 Nbd7 7. Qd2 e5 8. d5 Nc5 9. f3 a5 10. h4 h5 11. Bh6 Qe7 12. Bxg7 Kxg7 13. Nh3 Nh7 14. Nf2 Bd7 15. g4 Nf6 16. gxh5 Nxh5 17. 0-0-0 Ng3 18. Rh2 Qf6 19. Rg1 Nxe2+ 20. Nxe2 Qxf3 21. Rg3 Qf6 22. h5 Rh8 23. Qe3 a4 24. Rf3 Qe7 25. hxg6 fxg6 26. Rg2 a3 27. bxa3 Ra4 28. Rfg3 Rxc4+ 29. Kd2 Rh6 30. Qxh6+ Kxh6 31. Rxg6+ Kh7 32. Ng3 Rd4+ 33. Ke3 Ra4 34. Nf5 Rxa3+ 35. Kd2 Rxa2+ 36. Ke1 Bxf5 37. exf5 Nd3+ 38. Nxd3 Qh4+ 39. Nf2 Qb4+ 0-1

[Event "Florianopolis op 4th"]
[Site "Florianopolis"]
[Date "2018.01.22"]
[Round "5"]
[White "Gomes, Guilherme Rodrigues"]
[Black "Niehues, Luiz Cesar"]
[Result "1/2-1/2"]
[WhiteElo "1800"]
[BlackElo "1595"]
[PlyCount "55"]
[EventDate "2018.01.19"]
[EventType "swiss"]
[EventRounds "10"]
[EventCountry "BRA"]
[SourceTitle "EXT 2019"]
[Source "ChessBase"]
[SourceDate "2018.10.10"]
[SourceVersion "1"]
[SourceVersionDate "2018.10.10"]
[SourceQuality "1"]

1. c4 c5 2. Nc3 Nc6 3. g3 Nf6 4. Bg2 g6 5. Nf3 Bg7 6. 0-0 0-0 7. a3 d6 8. d3 e5 9. Rb1 Re8 10. Bg5 h6 11. Bxf6 Bxf6 12. Ne1 Be6 13. Nc2 Bg7 14. Ne3 Qd7 15. Ned5 Rab8 16. b4 Bh3 17. Ne4 Qe6 18. Bxh3 Qxh3 19. Nef6+ Bxf6 20. Nxf6+ Kf8 21. Nxe8 Kxe8 22. bxc5 dxc5 23. e3 h5 24. Qf3 Qe6 25. Rb5 b6 26. Rfb1 Rd8 27. Rd1 Qd6 28. Rbb1 1/2-1/2

[Event "Florianopolis op 4th"]
[Site "Florianopolis"]
[Date "2018.01.21"]
[Round "4"]
[White "Niehues, Luiz Cesar"]
[Black "Torella, Rodolfo"]
[Result "0-1"]
[WhiteElo "1595"]
[BlackElo "2049"]
[PlyCount "68"]
[EventDate "2018.01.19"]
[EventType "swiss"]
[EventRounds "10"]
[EventCountry "BRA"]
[SourceTitle "EXT 2019"]
[Source "ChessBase"]
[SourceDate "2018.10.10"]
[SourceVersion "1"]
[SourceVersionDate "2018.10.10"]
[SourceQuality "1"]

1. d4 Nf6 2. c4 c5 3. d5 e6 4. Nc3 exd5 5. cxd5 d6 6. e4 g6 7. Nf3 Bg7 8. Bd3 0-0 9. 0-0 Re8 10. h3 a6 11. a4 Nh5 12. Bd2 Nd7 13. Re1 Ne5 14. Nxe5 Bxe5 15. Qf3 Qh4 16. g4 Nf6 17. Bf4 h5 18. Bxe5 Rxe5 19. Qg3 Qxg3+ 20. fxg3 hxg4 21. h4 Bd7 22. Kg2 Rae8 23. b3 Bf5 24. Rf1 Nxe4 25. Nxe4 Bxe4+ 26. Bxe4 Rxe4 27. Rf6 Rd8 28. Raf1 Rd7 29. R1f4 Re5 30. Rxg4 Rxd5 31. Kf2 Rd2+ 32. Kf3 Rd3+ 33. Kf4 Kg7 34. Rf5 Rd4+ 0-1

[Event "Caioba Telecom op"]
[Site "Caioba"]
[Date "2017.09.28"]
[Round "1"]
[White "Niehues, Luiz Cesar"]
[Black "Bueno, Alfeu Varela Jr"]
[Result "0-1"]
[WhiteElo "1621"]
[BlackElo "2197"]
[PlyCount "48"]
[EventDate "2017.09.28"]
[EventType "swiss"]
[EventRounds "8"]
[EventCountry "BRA"]
[SourceTitle "EXT 2018"]
[Source "ChessBase"]
[SourceDate "2017.10.13"]
[SourceVersion "1"]
[SourceVersionDate "2017.10.13"]
[SourceQuality "1"]

1. d4 e6 2. c4 f5 3. Nc3 b6 4. Nf3 Bb4 5. Bg5 Bxc3+ 6. bxc3 Nf6 7. e3 Bb7 8. Bd3 0-0 9. Qc2 Qe8 10. Bxf6 Rxf6 11. e4 Qg6 12. e5 Rf8 13. Kf1 d6 14. Qe2 Nd7 15. Rg1 Bxf3 16. gxf3 Qh6 17. exd6 cxd6 18. f4 Kh8 19. Qf3 Rae8 20. Rg5 Nf6 21. Kg2 e5 22. Rxf5 e4 23. Bxe4 Qg6+ 24. Rg5 Qxe4 0-1

[Event "Penha IRT U2050 1st"]
[Site "Penha"]
[Date "2017.09.23"]
[Round "4.10"]
[White "Niehues, Luiz Cesar"]
[Black "Da Silva, Camila Evaristo"]
[Result "0-1"]
[WhiteElo "1621"]
[BlackElo "1664"]
[PlyCount "56"]
[EventDate "2017.09.22"]
[EventType "swiss"]
[EventRounds "7"]
[EventCountry "BRA"]
[SourceTitle "EXT 2022"]
[Source "ChessBase"]
[SourceDate "2021.10.06"]
[SourceVersion "1"]
[SourceVersionDate "2021.10.06"]
[SourceQuality "1"]

1. d4 Nf6 2. c4 e6 3. Nc3 c5 4. e3 g6 5. Nf3 Bg7 6. Be2 0-0 7. 0-0 b6 8. Qc2 cxd4 9. exd4 d5 10. Bf4 Bb7 11. Nb5 Nc6 12. Nd6 Ba6 13. Qa4 Nh5 14. Be5 Nxe5 15. dxe5 Nf4 16. Qxa6 Nxe2+ 17. Kh1 Nf4 18. cxd5 Nxd5 19. Ne4 Qe7 20. Rac1 Qd7 21. Rfd1 Rfc8 22. Nf6+ Bxf6 23. exf6 Rxc1 24. Rxc1 Nxf6 25. g3 Qd5 26. Kg2 Ne4 27. Qe2 Rd8 28. Rc2 Nc5 0-1

[Event "Sao Bento do Sul op 08"]
[Site "Sao Bento do Sul"]
[Date "2017.08.20"]
[Round "6"]
[White "Da Silva, Joao Carlos Orguim"]
[Black "Niehues, Luiz Cesar"]
[Result "1-0"]
[WhiteElo "1772"]
[BlackElo "1616"]
[PlyCount "71"]
[EventDate "2017.08.18"]
[EventType "swiss"]
[EventRounds "6"]
[EventCountry "BRA"]
[SourceTitle "EXT 2019"]
[Source "ChessBase"]
[SourceDate "2018.10.10"]
[SourceVersion "1"]
[SourceVersionDate "2018.10.10"]
[SourceQuality "1"]

1. e4 e5 2. c4 Nf6 3. d3 Bc5 4. g3 d6 5. h3 Nc6 6. Ne2 Nd4 7. Bg2 h6 8. Nbc3 Bd7 9. 0-0 Qc8 10. Nxd4 Bxd4 11. Kh2 c6 12. f4 Qc7 13. f5 0-0-0 14. Ne2 Rdf8 15. Nxd4 exd4 16. g4 g6 17. Bf4 gxf5 18. exf5 c5 19. Be4 Nxe4 20. dxe4 f6 21. Qf3 Bc6 22. Rae1 Rd8 23. Rf2 Qe7 24. Rfe2 h5 25. gxh5 Rd7 26. h6 Qf8 27. Rg1 Qf7 28. b3 Qh7 29. Rg6 Qe7 30. Rg7 Qd8 31. Qg3 Kc7 32. Bxd6+ Kb6 33. e5 Qe8 34. Rxd7 Qxd7 35. e6 Qe8 36. b4 1-0

[Event "Sao Bento do Sul op 08"]
[Site "Sao Bento do Sul"]
[Date "2017.08.20"]
[Round "5"]
[White "Niehues, Luiz Cesar"]
[Black "Machado, Wesley Henrique"]
[Result "1-0"]
[WhiteElo "1616"]
[BlackElo "1172"]
[PlyCount "57"]
[EventDate "2017.08.18"]
[EventType "swiss"]
[EventRounds "6"]
[EventCountry "BRA"]
[SourceTitle "EXT 2019"]
[Source "ChessBase"]
[SourceDate "2018.10.10"]
[SourceVersion "1"]
[SourceVersionDate "2018.10.10"]
[SourceQuality "1"]

1. d4 Nf6 2. c4 e6 3. Nc3 Bb4 4. e3 Bxc3+ 5. bxc3 b6 6. Nf3 Bb7 7. Bd3 Ne4 8. Qc2 f5 9. 0-0 0-0 10. Nd2 Nxd2 11. Bxd2 d6 12. f4 Nd7 13. e4 fxe4 14. Bxe4 Bxe4 15. Qxe4 Qe7 16. Rae1 Rae8 17. Rf3 Qf6 18. Qc6 Qd8 19. g4 Rf6 20. g5 Rg6 21. h4 h5 22. Qe4 Kh7 23. f5 exf5 24. Qxe8 Qxe8 25. Rxe8 Nf6 26. Re7 Ne4 27. Be1 c5 28. Rxf5 Nf6 29. Rxf6 1-0